banner koha

Perdas quantitativas e qualitativas na colheita mecanizada do arroz de terras altas (Registro n. 217333)

MARC details
000 -LÍDER
campo de controle de tamanho fixo 00881nas a2200289 4500
001 - NÚMERO DE CONTROLE
campo de controle BR2012001144
003 - IDENTIFICADOR DO NÚMERO DE CONTROLE
campo de controle BR-BrBNA
005 - DATA E HORÁRIO DA ÚLTIMA TRANSAÇÃO
campo de controle 20231205120158.0
007 - CAMPO FIXO DE DESCRIÇÃO FÍSICA--INFORMAÇÃO GERAL
campo de controle de tamanho fixo ta
008 - CAMPO DE DADOS FIXOS--INFORMAÇÃO GERAL
campo de controle de tamanho fixo 230509b bl.|||p| |||| 00| 00por d
040 ## - FONTE DA CATALOGAÇÃO
Instituição da catalogação original BR-BrBNA
Idioma da catalogação por
Instituição que transcreveu o registro Biblioteca Nacional de Agricultura
041 ## - CÓDIGO DE IDIOMA
Código do idioma do texto/trilha sonora ou título diferente (Pt)
072 ## - CÓDIGO DE CATEGORIA DE ASSUNTO
Código de Categoria de Assunto J11
100 1# - ENTRADA PRINCIPAL--NOME PESSOAL
Nome pessoal Borges, G.R.
100 1# - ENTRADA PRINCIPAL--NOME PESSOAL
Nome pessoal Reis, E.F. dos
100 1# - ENTRADA PRINCIPAL--NOME PESSOAL
Nome pessoal Silva, J.G. da
100 1# - ENTRADA PRINCIPAL--NOME PESSOAL
Nome pessoal Oliveira, J.P. de
100 1# - ENTRADA PRINCIPAL--NOME PESSOAL
Nome pessoal Devilla, I.A.
245 1# - TÍTULO
Título Perdas quantitativas e qualitativas na colheita mecanizada do arroz de terras altas
650 ## - ASSUNTO--TERMO TÓPICO
Cabeçalho tópico ou nome geográfico ARROZ
650 ## - ASSUNTO--TERMO TÓPICO
Cabeçalho tópico ou nome geográfico ORIZA SATIVA
650 ## - ASSUNTO--TERMO TÓPICO
Cabeçalho tópico ou nome geográfico COLHEITA MECANICA
650 ## - ASSUNTO--TERMO TÓPICO
Cabeçalho tópico ou nome geográfico PERDA DURANTE A COLHEITA
773 0# - ENTRADA ANALÍTICA
Título Revista Brasileira de Armazenamento (Brazil)
ISSN - International Standard Serial Number ISSN 0100-3518
Partes relacionadas (2011), v. 36(2) p. 179-186
Número de controle do registro BR2012001144
909 ## -
-- 202311
-- Lúcia
-- 55
-- Lúcia Elande
942 ## - ELEMENTOS DE ENTRADA ADICIONADOS (KOHA)
Fonte da classificação ou esquema de arquivamento na estante Classificação AGRIS
Ocultar no OPAC Não
Tipo de material Koha Analítica
Exemplares
Situação do descarte Fonte da classificação ou esquema de arquivamento na estante Situação física Não pode ser emprestado Biblioteca de origem Biblioteca atual Localização na estante Enumeração do periódico / cronologia Total de empréstimos Data de último acesso Número do exemplar Tipo de material Koha Fonte de aquisição
  Classificação AGRIS   Consulta local Biblioteca Nacional de Agricultura - Binagri Biblioteca Nacional de Agricultura - Binagri   (2011), v. 36(2) p. 179-186   29/11/2023 01 Periódicos Portaria Interministerial nº 164/94

BINAGRI

Telefone: (61)3218-2567/2388/3357/2097 - binagri@agro.gov.br

Ministério da Agricultura e Pecuária , Esplanada dos Ministérios, Bloco D, Anexo B, Brasília/DF, CEP: 70.043-900